[Event "4NCL 2009-10"]
[Site "Sunningdale ENG"]
[Date "2010.03.28"]
[Round "8"]
[White "Hegarty,S"]
[Black "Hanley,C"]
[Result "0-1"]
[WhiteElo "2096"]
[BlackElo "2429"]
[EventDate "2009.10.24"]

1. e4 e5 2. Bc4 Nf6 3. d3 Bc5 4. Nf3 d6 5. c3 Bb6 6. O-O Bg4 7. Nbd2 Nbd7
8. Re1 h6 9. Nf1 Nh7 10. h3 Be6 11. Bxe6 fxe6 12. a4 a5 13. Ne3 O-O 14. Nc4
Rf7 15. Nxb6 Nxb6 16. Be3 Ra6 17. Nd2 Nf8 18. Qb3 d5 19. Nf3 Ng6 20. Qd1
Nc8 21. Bc1 Qf6 22. Qe2 Nd6 23. c4 c5 24. cxd5 exd5 25. exd5 Nf5 26. Be3
Nd4 27. Bxd4 exd4 28. Qe8+ Rf8 29. Qe4 Rd6 30. Rf1 Nf4 31. Qe5 Nxd3 32.
Qxf6 Rfxf6 33. Nd2 Rxd5 34. Nc4 b6 35. Ra3 Ne5 36. Nd2 d3 37. Rd1 Rf4 38.
Rb3 Rd6 39. Re1 Nc4 40. Nxc4 Rxc4 41. Rd1 d2 42. Ra3 Rc1 43. Ra1 0-1

[Event "4NCL 2009-10"]
[Site "Sunningdale ENG"]
[Date "2010.03.28"]
[Round "8"]
[White "Adams,D"]
[Black "Conquest,S"]
[Result "1-0"]
[WhiteElo "2217"]
[BlackElo "2563"]
[EventDate "2009.10.24"]

1. e4 c5 2. Nf3 g6 3. c3 Bg7 4. d4 cxd4 5. cxd4 d5 6. e5 Nh6 7. h3 Nc6 8.
Bb5 O-O 9. O-O Bd7 10. Nc3 Na5 11. Bd3 Kh8 12. Re1 Rc8 13. Bf4 Nc4 14. Qc1
Ng8 15. b3 Nb6 16. Qd2 Rc6 17. a4 Bf5 18. Bb5 Rc8 19. Rac1 Na8 20. h4 Nc7
21. Bd3 Bxd3 22. Qxd3 Qd7 23. Ne2 Nh6 24. Qd2 Nf5 25. h5 gxh5 26. Qd3 Na6
27. Bd2 h4 28. Nf4 Nc7 29. Ng5 e6 30. Nh5 Qe7 31. Nf3 h6 32. b4 Rfd8 33. b5
Ne8 34. Kh2 Bf8 35. Rc3 Rxc3 36. Qxc3 Qa3 37. Qc2 Be7 38. Rd1 Rd7 39. Qc8
Rd8 40. Qxb7 Qxa4 41. Rc1 Kg8 42. Bxh6 Ba3 43. Rc8 Rxc8 44. Qxc8 Nxh6 45.
Qxe8+ Bf8 46. Nf6+ Kg7 47. b6 Qa6 48. Nd7 Bb4 49. Qd8 Ng4+ 50. Kh3 Nxf2+
51. Kxh4 Ne4 52. Nf6 1-0

[Event "4NCL 2009-10"]
[Site "Sunningdale ENG"]
[Date "2010.03.28"]
[Round "8"]
[White "King,D"]
[Black "Hebden,M"]
[Result "1/2-1/2"]
[WhiteElo "2494"]
[BlackElo "2503"]
[EventDate "2009.10.24"]

1. e4 e5 2. Nf3 Nc6 3. Bb5 a6 4. Ba4 Nf6 5. O-O Be7 6. Re1 b5 7. Bb3 O-O 8.
d4 d6 9. c3 Bg4 10. d5 Na5 11. Bc2 c6 12. h3 Bc8 13. dxc6 Qc7 14. Nbd2 Qxc6
15. Nf1 Nc4 16. Ng3 Be6 17. Ng5 Bd7 18. Qe2 Rfe8 19. a4 h6 20. Nf3 Be6 21.
Nh4 Kh8 22. Nhf5 Bf8 23. Qf3 Ng8 24. Ne3 Nxe3 25. Bxe3 b4 26. a5 Rec8 27.
Bd2 bxc3 28. Bxc3 Nf6 29. Nf5 Nh7 30. h4 Rc7 31. Rad1 Be7 32. g3 Nf6 33.
Rd2 Ne8 34. Ne3 Nf6 35. Nf5 Ne8 36. Ne3 Nf6 37. Nf5 1/2-1/2

[Event "4NCL 2009-10"]
[Site "Sunningdale ENG"]
[Date "2010.03.28"]
[Round "8"]
[White "Flear,G"]
[Black "Povah,N"]
[Result "1-0"]
[WhiteElo "2497"]
[BlackElo "2336"]
[EventDate "2009.10.24"]

1. d4 Nf6 2. c4 e6 3. Nc3 c5 4. d5 exd5 5. cxd5 d6 6. Nf3 g6 7. Bf4 Bg7 8.
Qa4+ Bd7 9. Qb3 Qc7 10. e4 O-O 11. Be2 Nh5 12. Bg5 Bg4 13. O-O a6 14. h3
Bxf3 15. Bxf3 c4 16. Qb4 h6 17. Be3 Nd7 18. Bxh5 gxh5 19. Bf4 Ne5 20. Bxe5
Bxe5 21. a4 Kh7 22. Kh1 Rg8 23. f4 Bh8 24. Rae1 Rae8 25. Rf3 f5 26. Rfe3
Bd4 27. R3e2 b6 28. exf5 Qg7 29. Qxd6 Qg3 30. Qd7+ 1-0

[Event "4NCL 2009-10"]
[Site "Sunningdale ENG"]
[Date "2010.03.28"]
[Round "8"]
[White "Thompson,I"]
[Black "Emms,J"]
[Result "1/2-1/2"]
[WhiteElo "2266"]
[BlackElo "2484"]
[EventDate "2009.10.24"]

1. c4 g6 2. Nc3 Bg7 3. g3 c5 4. Bg2 Nc6 5. Rb1 Nf6 6. a3 a5 7. e4 O-O 8.
Nge2 d6 9. O-O Ne8 10. d3 Nc7 11. Be3 Bd7 12. f4 Rb8 13. d4 cxd4 14. Nxd4
Nxd4 15. Bxd4 Bxd4+ 16. Qxd4 b5 17. cxb5 Nxb5 18. Nxb5 Rxb5 19. b4 axb4 20.
axb4 Qb6 21. Qxb6 Rxb6 22. Rfc1 Rd8 23. Rc7 Kf8 24. Bf1 Bb5 25. Bxb5 Rxb5
26. Kf2 Rdb8 27. Rc4 f5 28. exf5 gxf5 29. Rb2 Kf7 30. Ke3 Kf6 31. Kd3 h5
32. Kc3 h4 33. Rc6 hxg3 34. hxg3 Rd5 35. Rh2 Rd1 36. Kc2 Re1 37. Rh6+ Kg7
38. Rh5 Kg6 39. Rg5+ Kf6 40. Rc4 Re3 41. g4 fxg4 42. Rxg4 Ra8 43. Rc3 Re4
44. Rb3 Rb8 45. b5 Rc4+ 46. Kd3 Rc5 47. Rg5 e5 48. b6 Rd5+ 49. Kc4 Rc5+ 50.
Kd3 Rd5+ 51. Kc4 Rc5+ 52. Kd3 1/2-1/2

[Event "4NCL 2009-10"]
[Site "Sunningdale ENG"]
[Date "2010.03.28"]
[Round "8"]
[White "Ward,C"]
[Black "Anderton,M"]
[Result "1-0"]
[WhiteElo "2431"]
[BlackElo "2232"]
[EventDate "2009.10.24"]

1. d4 Nf6 2. c4 c5 3. d5 b5 4. a4 bxc4 5. Nc3 d6 6. e4 Ba6 7. f4 g6 8. e5
Nfd7 9. Nf3 Bg7 10. e6 fxe6 11. Ng5 Nf8 12. dxe6 h6 13. Nf7 Qc8 14. Nxh8
Qxe6+ 15. Be2 Bxh8 16. O-O Bd4+ 17. Kh1 Bb7 18. Bg4 Qf6 19. Bf3 Nc6 20. Nd5
Qg7 21. Nc7+ Kd8 22. Nxa8 Bxa8 23. Bd5 e6 24. Bxc4 Nb4 25. Qe2 d5 26. Bb5
c4 27. Bd2 Nd3 28. Ba5+ Ke7 29. Rad1 Kf7 30. Rxd3 cxd3 31. Bxd3 Kg8 32. Rc1
1-0

[Event "4NCL 2009-10"]
[Site "Sunningdale ENG"]
[Date "2010.03.28"]
[Round "8"]
[White "Hunt,H"]
[Black "Meyer,Go"]
[Result "1-0"]
[WhiteElo "2452"]
[BlackElo "2165"]
[EventDate "2009.10.24"]

1. e4 c5 2. Nf3 d6 3. d4 cxd4 4. Nxd4 Nf6 5. Nc3 a6 6. Be2 e5 7. Nb3 Be7 8.
Bg5 Be6 9. Bxf6 Bxf6 10. Qd3 Nc6 11. O-O-O Nd4 12. Nxd4 exd4 13. Nd5 Bxd5
14. exd5 O-O 15. Qf3 Re8 16. Bd3 Re5 17. Kb1 Qe7 18. g4 Re8 19. a3 b5 20.
h4 Qb7 21. g5 Bd8 22. Qh5 g6 23. Qg4 Qxd5 24. f4 R5e7 25. h5 Qe6 26. f5
gxf5 27. Bxf5 Qe2 28. Qxd4 Re5 29. Bd7 Rf8 30. Qxd6 Be7 31. Qxa6 Rc5 32.
Rc1 Bxg5 33. Rhg1 Qe7 34. Bxb5 Kh8 35. Rce1 Qd8 36. Bd3 Qd5 37. Qa4 h6 38.
Re8 Rc8 39. Rxc8 Rxc8 40. Rf1 f6 41. Qa7 Qg8 42. Bf5 Ra8 43. Qb7 Be3 44.
Rd1 Ra7 45. Qc6 Bd4 46. Be6 1-0

[Event "4NCL 2009-10"]
[Site "Sunningdale ENG"]
[Date "2010.03.28"]
[Round "8"]
[White "Grigoryan Lyell,M"]
[Black "Auckland,E"]
[Result "1-0"]
[WhiteElo "2122"]
[BlackElo "2010"]
[EventDate "2009.10.24"]

1. d4 Nf6 2. c4 g6 3. Nc3 d5 4. cxd5 Nxd5 5. e4 Nxc3 6. bxc3 Bg7 7. Nf3 c5
8. Be3 Nc6 9. Rc1 Qa5 10. Qd2 cxd4 11. cxd4 Qxd2+ 12. Kxd2 Na5 13. Rc7 Nc6
14. d5 Ne5 15. Bf4 Nxf3+ 16. gxf3 a6 17. Bc4 b5 18. Bb3 Bd7 19. Rhc1 g5 20.
Bg3 h5 21. d6 e6 22. Rxd7 Kxd7 23. Rc7+ Ke8 24. Bxe6 h4 25. Bxf7+ Kf8 26.
Bd5 hxg3 27. hxg3 Rd8 28. e5 b4 29. f4 gxf4 30. gxf4 Bh6 31. Ke3 a5 32. Ke4
Bg7 33. f5 Rh4+ 34. f4 Bh6 35. Rf7+ Ke8 36. Re7+ Kf8 37. Rf7+ Ke8 38. Re7+
Kf8 39. Be6 Bg5 40. Rf7+ Kg8 41. f6 Rxf4+ 42. Kd5 Kh8 43. d7 a4 44. Kd6
Rd4+ 45. Ke7 R4xd7+ 46. Bxd7 b3 47. Kxd8 bxa2 48. Rf8+ Kh7 49. Bf5+ 1-0

[Event "4NCL 2009-10"]
[Site "Sunningdale ENG"]
[Date "2010.03.28"]
[Round "8"]
[White "McNab,C"]
[Black "Dearing,E"]
[Result "1/2-1/2"]
[WhiteElo "2466"]
[BlackElo "2406"]
[EventDate "2009.10.24"]

1. c4 c6 2. Nf3 d5 3. b3 Nf6 4. Bb2 Bg4 5. e3 e6 6. Be2 Nbd7 7. h3 Bh5 8.
O-O Bd6 9. d4 Ne4 10. Nfd2 Bxe2 11. Qxe2 Ndf6 12. Nc3 Nxd2 13. Qxd2 O-O 14.
Qd3 Re8 15. e4 dxe4 16. Nxe4 Nxe4 17. Qxe4 Qf6 18. Rfe1 Rac8 19. Re2 Qf4
20. Qxf4 1/2-1/2

[Event "4NCL 2009-10"]
[Site "Sunningdale ENG"]
[Date "2010.03.28"]
[Round "8"]
[White "Bisby,D"]
[Black "Palliser,R"]
[Result "0-1"]
[WhiteElo "2297"]
[BlackElo "2435"]
[EventDate "2009.10.24"]

1. d4 Nf6 2. Nf3 g6 3. Nc3 d5 4. Bf4 Bg7 5. Qd2 Ne4 6. Nxe4 dxe4 7. Ne5 Nd7
8. Nxd7 Qxd7 9. e3 O-O 10. Qc3 c6 11. Be2 b6 12. O-O-O c5 13. Be5 Bxe5 14.
dxe5 Qc6 15. h4 Be6 16. h5 Rad8 17. Kb1 Rxd1+ 18. Rxd1 Qc7 19. hxg6 hxg6
20. f4 exf3 21. gxf3 Rd8 22. Rxd8+ Qxd8 23. Qd3 Qxd3 24. cxd3 g5 25. Kc2
Kg7 26. a3 f6 27. exf6+ exf6 28. Kc3 f5 29. d4 Kf6 30. dxc5 bxc5 31. b4
cxb4+ 32. Kxb4 Bd7 33. a4 Ke5 34. a5 f4 35. exf4+ Kxf4 36. Kc5 Ba4 37. Kc4
Bc6 38. Kd4 Bxf3 39. Bc4 Bg4 40. Bd5 Bd7 41. Kc5 g4 42. Kd6 Bb5 43. Kc7 g3
44. Kb7 a6 45. Kb6 Be2 46. Bg2 Ke3 0-1

[Event "4NCL 2009-10"]
[Site "Sunningdale ENG"]
[Date "2010.03.28"]
[Round "8"]
[White "Buckley,Si"]
[Black "Moskovic,D"]
[Result "1/2-1/2"]
[WhiteElo "2348"]
[BlackElo "2307"]
[EventDate "2009.10.24"]

1. c4 g6 2. Nc3 Bg7 3. g3 d6 4. Bg2 Nf6 5. d3 O-O 6. Nf3 e5 7. Rb1 a5 8.
O-O Nc6 9. a3 Re8 10. Nd2 Be6 11. b4 axb4 12. axb4 d5 13. Na4 dxc4 14. dxc4
Bxc4 15. b5 Na5 16. Nxc4 Nxc4 17. Nc5 Qe7 18. Nxb7 e4 19. Qb3 Nb6 20. Bd2
Ra3 21. Qb4 Qxb4 22. Bxb4 Ra2 23. e3 Nfd5 24. Nc5 f5 25. Rfc1 Bb2 26. Rc2
Nxb4 27. Rcxb2 Rxb2 28. Rxb2 1/2-1/2

[Event "4NCL 2009-10"]
[Site "Sunningdale ENG"]
[Date "2010.03.28"]
[Round "8"]
[White "Eckersley Waites,A"]
[Black "Barrett,S"]
[Result "0-1"]
[WhiteElo "2197"]
[BlackElo "2212"]
[EventDate "2009.10.24"]

1. e4 c5 2. Nf3 e6 3. d4 cxd4 4. Nxd4 Nf6 5. Nc3 d6 6. g4 e5 7. Bb5+ Bd7 8.
Bxd7+ Qxd7 9. Nf5 h5 10. g5 Nxe4 11. Nxg7+ Bxg7 12. Nxe4 d5 13. Ng3 Nc6 14.
c3 e4 15. f4 O-O-O 16. Be3 Qh3 17. Qe2 h4 18. Nf1 d4 19. cxd4 Nxd4 20. Bxd4
Rxd4 21. Rg1 Kb8 22. Rc1 Rhd8 23. Qg4 Qd3 24. Qe2 Rb4 25. Rc2 Bxb2 26. Rxb2
Rxb2 0-1

[Event "4NCL 2009-10"]
[Site "Sunningdale ENG"]
[Date "2010.03.28"]
[Round "8"]
[White "Townsend,M"]
[Black "Pickard,C"]
[Result "1-0"]
[WhiteElo "2222"]
[BlackElo "2191"]
[EventDate "2009.10.24"]

1. d4 d5 2. c4 e6 3. Nf3 c5 4. cxd5 exd5 5. g3 Nc6 6. Bg2 Nf6 7. O-O Be7 8.
Nc3 O-O 9. dxc5 d4 10. Na4 Bf5 11. Bf4 Qd7 12. Rc1 Rad8 13. a3 Qe6 14. b4
d3 15. Re1 dxe2 16. Qxe2 Qb3 17. Nc3 Qxa3 18. b5 Bd3 19. Qd2 Bc4 20. bxc6
bxc6 21. Nb1 Qa6 22. Qc3 Be6 23. Ng5 Nd5 24. Bxd5 Rxd5 25. Nxe6 fxe6 26.
Rxe6 Bxc5 27. Be3 Bd6 28. Nd2 Qe2 29. Rf1 a5 30. Qxc6 1-0

[Event "4NCL 2009-10"]
[Site "Sunningdale ENG"]
[Date "2010.03.28"]
[Round "8"]
[White "Churm,R"]
[Black "Fidalgo Fernandez,L"]
[Result "1-0"]
[WhiteElo "2167"]
[BlackElo "2115"]
[EventDate "2009.10.24"]

1. e4 c5 2. Nc3 Nc6 3. g3 d6 4. Bg2 g6 5. d3 Bg7 6. Be3 e6 7. Qd2 Rb8 8.
Nge2 Nd4 9. Nd1 Nxe2 10. Qxe2 b5 11. O-O Ne7 12. e5 Bxe5 13. Bxc5 Qc7 14.
Be3 O-O 15. c3 Bg7 16. Bd2 Nc6 17. Ne3 d5 18. Rfc1 Qb6 19. Rab1 b4 20. cxb4
Nxb4 21. a3 Nc6 22. Bc3 Nd4 23. Bxd4 Qxd4 24. b4 Ba6 25. Bf1 Rfc8 26. Rxc8+
Rxc8 27. b5 Rb8 28. Rb4 Qa1 29. bxa6 Rxb4 30. axb4 Qxa6 31. Nc2 Qc6 32. d4
Qc3 33. Qd3 Qc7 34. b5 Qa5 35. Kg2 Bf6 36. Be2 Bg7 37. Bd1 Bf6 38. Kf1 Bg7
39. Ne1 Qa1 40. Nf3 Qa2 41. Be2 Bf6 42. Qe3 Kg7 43. Ne5 Qa1+ 44. Kg2 Bxe5
45. Qxe5+ Kg8 46. g4 h6 47. h4 Qa2 48. f4 Qd2 49. Kf2 Kh7 50. f5 exf5 51.
gxf5 g5 52. hxg5 hxg5 53. Qxd5 Qf4+ 54. Kg1 Kg8 55. Qe5 Qh4 56. f6 1-0

[Event "4NCL 2009-10"]
[Site "Sunningdale ENG"]
[Date "2010.03.28"]
[Round "8"]
[White "Gayson,P"]
[Black "Chevannes,S"]
[Result "0-1"]
[WhiteElo "2240"]
[BlackElo "2062"]
[EventDate "2009.10.24"]

1. e4 c6 2. d4 d5 3. e5 c5 4. dxc5 Nc6 5. Bb5 e6 6. Be3 Nge7 7. Nf3 Qc7 8.
Bd4 Bd7 9. c3 Nf5 10. Bxc6 Bxc6 11. a4 Be7 12. O-O O-O 13. Nbd2 Rfc8 14. b4
b6 15. Nb3 Bd7 16. Qd3 Rab8 17. Rfb1 h6 18. h3 Be8 19. g4 Nxd4 20. cxd4
bxc5 21. Nxc5 Bxc5 22. dxc5 a5 23. b5 Qxc5 24. Nd4 Qc7 25. Re1 Qb6 26. Rac1
Rc7 27. Rc3 Rbc8 28. Rec1 Bd7 29. Kg2 Qb7 30. Kg3 Rc4 31. Rxc4 dxc4 32.
Rxc4 Rxc4 33. Qxc4 Qe4 34. Qc5 g5 35. Nf3 Qxa4 36. Qd4 Qxb5 37. Nd2 a4 38.
Ne4 Kg7 39. Nc3 Qb3 40. Kg2 Bc6+ 41. Kh2 Qc2 42. Qc5 Bb7 43. Qe3 a3 44. h4
gxh4 45. g5 hxg5 46. Nb5 a2 47. Nd4 Qg6 48. Qc1 Bd5 49. f3 g4 50. fxg4 Qxg4
51. Nxe6+ Bxe6 52. Qd1 0-1

[Event "4NCL 2009-10"]
[Site "Sunningdale ENG"]
[Date "2010.03.28"]
[Round "8"]
[White "Richardson,Joh"]
[Black "Turner,Ma"]
[Result "0-1"]
[WhiteElo "2298"]
[BlackElo "2508"]
[EventDate "2009.10.24"]

1. d4 Nf6 2. c4 e6 3. Nc3 Bb4 4. e3 O-O 5. Nge2 d5 6. a3 Be7 7. Nf4 c6 8.
cxd5 exd5 9. Bd3 Bd6 10. O-O Bxf4 11. exf4 Nbd7 12. Bc2 Nb6 13. f5 Nc4 14.
g4 Re8 15. b3 Nd6 16. Bg5 b6 17. f3 Bb7 18. Bh4 Rc8 19. g5 Nd7 20. f6 g6
21. Qd2 c5 22. Bf2 cxd4 23. Bxd4 Nc5 24. Rab1 Qc7 25. Rbc1 Ne6 26. Ne2 Qd7
27. Bd3 Nb5 28. Bb2 d4 29. Bc4 Rc5 30. Bxe6 Qxe6 31. Rxc5 bxc5 32. Nc1 Nd6
33. Nd3 Qd5 34. Bc1 Re3 35. Qd1 Qxg5+ 36. Kh1 Nf5 37. Bxe3 Nxe3 38. Qe2
Qxf6 39. Rf2 Qf5 40. Ne1 Qb1 41. Kg1 Qxb3 42. Qb2 Qd5 43. Qb5 Kg7 44. a4 h5
45. Nd3 Qg5+ 46. Kh1 Bxf3+ 0-1

[Event "4NCL 2009-10"]
[Site "Sunningdale ENG"]
[Date "2010.03.28"]
[Round "8"]
[White "D'Costa,L"]
[Black "Wheeler,D"]
[Result "1/2-1/2"]
[WhiteElo "2479"]
[BlackElo "2240"]
[EventDate "2009.10.24"]

1. d4 e6 2. Nf3 d5 3. c4 c5 4. cxd5 exd5 5. g3 Nc6 6. Bg2 Nf6 7. O-O Be7 8.
Nc3 O-O 9. Bg5 Be6 10. dxc5 Bxc5 11. Rc1 Bb6 12. Qa4 h6 13. Bh4 Qe7 14.
Rfd1 g5 15. Nxg5 Bxf2+ 16. Kh1 Be3 17. Nf3 d4 18. Ne4 Nxe4 19. Bxe7 Nf2+
20. Kg1 Nxd1+ 21. Kf1 Nxb2 22. Qc2 Nxe7 23. Qxb2 Bxc1 24. Qxc1 Nf5 25. Kf2
Rad8 26. Qf4 d3 27. e4 Ng7 28. Qxh6 f6 29. a3 f5 30. Bh3 d2 31. Nxd2 fxe4+
32. Ke2 Bxh3 33. Qxh3 Rfe8 34. Qg4 Rd3 35. a4 Ra3 36. h4 e3 37. Ne4 Ra2+
38. Ke1 Ra1+ 39. Ke2 1/2-1/2

[Event "4NCL 2009-10"]
[Site "Sunningdale ENG"]
[Date "2010.03.28"]
[Round "8"]
[White "Snape,I"]
[Black "Cox,JohnJ"]
[Result "1/2-1/2"]
[WhiteElo "2189"]
[BlackElo "2378"]
[EventDate "2009.10.24"]

1. e4 e5 2. f4 exf4 3. Nf3 g5 4. d4 Bg7 5. Bc4 d6 6. g3 h6 7. gxf4 g4 8.
Rg1 gxf3 9. Rxg7 Qh4+ 10. Rg3 Bg4 11. Qd3 Nf6 12. Be3 Nbd7 13. Bf2 O-O-O
14. Nc3 Qxh2 15. f5 Bh5 16. Qd2 Rhg8 17. Rxg8 Rxg8 18. O-O-O Rg2 19. Rf1
Ng4 20. Nd1 Ndf6 21. Bd3 Nxf2 22. Nxf2 Rg1 23. e5 Rxf1+ 24. Bxf1 Qg1 25.
Qe1 Ng4 26. exd6 Ne3 27. Qxe3 Qxf1+ 28. Kd2 cxd6 29. Qe8+ Kc7 30. Qe7+ Kc8
31. Qe8+ Kc7 32. Qe7+ Kc8 33. Qe8+ 1/2-1/2

[Event "4NCL 2009-10"]
[Site "Sunningdale ENG"]
[Date "2010.03.28"]
[Round "8"]
[White "Anderton,D"]
[Black "Knott,S"]
[Result "1/2-1/2"]
[WhiteElo "2211"]
[BlackElo "2348"]
[EventDate "2009.10.24"]

1. d4 Nf6 2. c4 g6 3. g3 Bg7 4. Bg2 d5 5. cxd5 Nxd5 6. Nf3 Nb6 7. Nc3 Nc6
8. e3 O-O 9. O-O Re8 10. Re1 e5 11. d5 Na5 12. e4 c6 13. b3 cxd5 14. exd5
e4 15. Nxe4 Rxe4 16. Rxe4 Bxa1 17. Bd2 Bf5 18. Re1 Bf6 19. Bxa5 Qxd5 20.
Qxd5 1/2-1/2

[Event "4NCL 2009-10"]
[Site "Sunningdale ENG"]
[Date "2010.03.28"]
[Round "8"]
[White "Devereaux,M"]
[Black "Bellin,J"]
[Result "1/2-1/2"]
[WhiteElo "2387"]
[BlackElo "2151"]
[EventDate "2009.10.24"]

1. Nf3 Nf6 2. c4 b6 3. Nc3 Bb7 4. d4 e6 5. a3 d5 6. cxd5 exd5 7. Bg5 Be7 8.
e3 O-O 9. Qc2 Nbd7 10. Bd3 h6 11. Bxf6 Nxf6 12. b4 c5 13. bxc5 bxc5 14. O-O
c4 15. Bf5 Bc8 16. Bxc8 Qxc8 17. Qa4 Qe6 18. Ne5 Bd6 19. f4 Bxe5 20. fxe5
Nd7 21. Qa5 Nb6 22. Rf3 f6 23. exf6 Rxf6 24. Rxf6 gxf6 25. e4 dxe4 26. Qh5
Kg7 27. Re1 f5 28. g4 Rf8 29. Kh1 Qg6 30. Qxg6+ Kxg6 31. a4 Rd8 32. gxf5+
Kxf5 33. Rxe4 Kf6 34. d5 Nxd5 35. Nxd5+ Rxd5 36. Rxc4 1/2-1/2

[Event "4NCL 2009-10"]
[Site "Sunningdale ENG"]
[Date "2010.03.28"]
[Round "8"]
[White "Regan,N"]
[Black "Daley,E"]
[Result "0-1"]
[WhiteElo "2170"]
[BlackElo "1736"]
[EventDate "2009.10.24"]

1. f4 d5 2. Nf3 Nf6 3. g3 Bf5 4. Bg2 e6 5. d3 Be7 6. Nh4 Bg6 7. Nc3 c6 8.
Nxg6 hxg6 9. e4 dxe4 10. dxe4 Qxd1+ 11. Nxd1 Na6 12. a3 O-O-O 13. b4 e5 14.
Nf2 Bd6 15. Nd3 exf4 16. e5 f3 17. Bxf3 Bxe5 18. Nxe5 Rhe8 19. O-O Rxe5 20.
Bf4 Ree8 21. c4 Nc7 22. c5 Nfd5 23. Bd6 Ne3 24. Rf2 Nb5 25. Bf4 Nd4 26. Rc1
Nxf3+ 27. Rxf3 Nf5 28. Kf2 Re4 29. b5 Nd4 30. bxc6 Nxc6 31. h4 f5 32. Bd6
Rde8 33. Rd3 Rd4 34. Rcd1 Rxd3 35. Rxd3 Ne5 36. Rd5 Ng4+ 37. Kf3 Re3+ 38.
Kf4 Re4+ 39. Kf3 Re3+ 40. Kf4 Nf6 41. Rd1 Re4+ 42. Kf3 Re8 43. Kf4 Ne4 44.
Rd5 Kd7 45. Rd1 Kc6 46. Be5 Nxc5 47. Rd6+ Kb5 48. Rxg6 Nd3+ 49. Kg5 Rxe5
50. Rxg7 f4+ 51. Kf6 f3 52. Rxb7+ Kc6 53. Rf7 f2 54. Kg6 Re6+ 55. Kg5 Rg6+
0-1

[Event "4NCL 2009-10"]
[Site "Sunningdale ENG"]
[Date "2010.03.28"]
[Round "8"]
[White "Swanson,S"]
[Black "Berry,N"]
[Result "0-1"]
[WhiteElo "2263"]
[BlackElo "2301"]
[EventDate "2009.10.24"]

1. g3 e5 2. Bg2 d5 3. d3 Be6 4. Nd2 Qd7 5. e4 Nc6 6. Ngf3 f6 7. c3 O-O-O 8.
O-O d4 9. c4 h5 10. a3 g5 11. b4 h4 12. c5 Nb8 13. Rb1 Bh3 14. Qe2 Ne7 15.
Nc4 Ng6 16. Bxh3 Qxh3 17. Bxg5 fxg5 18. Nfxe5 Nxe5 19. Nxe5 Qe6 20. Qg4
Qxg4 21. Nxg4 Bg7 22. Rb2 Nc6 23. b5 Ne5 24. Nxe5 Bxe5 25. f4 gxf4 26. gxf4
Rhg8+ 27. Rg2 Bf6 28. Kh1 Rxg2 29. Kxg2 Be7 30. Rc1 Rf8 31. f5 c6 32. a4
Bf6 33. Kh3 Rg8 34. Re1 Be5 35. Rf1 Kd7 36. Rb1 cxb5 37. axb5 Rc8 38. Rc1
Bd6 39. c6+ bxc6 40. bxc6+ Rxc6 41. Ra1 Rc3 42. Rxa7+ Ke8 43. Ra6 Rxd3+ 44.
Kxh4 Kd7 45. Ra7+ Kc6 46. Ra6+ Kc7 47. Ra4 Bxh2 48. f6 Be5 49. f7 Rf3 50.
Ra8 Bd6 51. Kg4 Rf4+ 52. Kg5 Rxe4 53. f8=Q Bxf8 54. Rxf8 d3 55. Rf1 d2 56.
Rd1 Rd4 0-1

[Event "4NCL 2009-10"]
[Site "Sunningdale ENG"]
[Date "2010.03.28"]
[Round "8"]
[White "Piper,M"]
[Black "Posazhennikov,A"]
[Result "1-0"]
[WhiteElo "2304"]
[BlackElo "2252"]
[EventDate "2009.10.24"]

1. e4 Nf6 2. e5 Nd5 3. d4 d6 4. Nf3 Bg4 5. Be2 e6 6. O-O Be7 7. c4 Nb6 8.
h3 Bh5 9. Nc3 O-O 10. Be3 Nc6 11. b3 Bxf3 12. Bxf3 dxe5 13. Bxc6 bxc6 14.
dxe5 Qxd1 15. Rfxd1 Rfd8 16. Ne4 a5 17. a4 Nd7 18. f4 f5 19. exf6 gxf6 20.
Rd3 Kf7 21. Rad1 Nf8 22. Rxd8 Bxd8 23. Bc5 Ng6 24. Rd7+ Ke8 25. Rxh7 Nxf4
26. Rh8+ Kf7 27. Rf8+ Kg7 28. Be7 Bxe7 29. Rxa8 f5 30. Nd2 Bb4 31. Nf3 Nd3
32. Kf1 Nc5 33. Nd4 Bc3 34. Nxc6 Nxb3 35. Ra7 e5 36. Rxc7+ Kf6 37. Na7 e4
38. Nb5 Bb4 39. Ke2 Ke5 40. Rc8 Nc1+ 41. Kd1 Nd3 42. g3 f4 43. Re8+ Kf6 44.
gxf4 Kf5 45. Nc7 Nb2+ 46. Ke2 Nxc4 47. Nd5 Bd6 48. Nc3 Bxf4 49. Rxe4 Nb6
50. Kf3 Bd2 51. Nb5 Kf6 52. Nd6 Nd7 53. Nc4 Bb4 54. h4 Nc5 55. Rf4+ Kg6 56.
Kg4 Nxa4 57. Nxa5 Bxa5 58. Rxa4 Bd2 59. Ra6+ Kh7 60. Ra7+ Kg6 61. Ra6+ Kh7
62. Kf5 Be3 63. h5 Bd2 64. Rd6 Bc1 65. Rc6 Be3 66. h6 Bd2 67. Rg6 Bxh6 68.
Kf6 Be3 69. Kf7 Ba7 70. Ra6 Bb8 71. Ra8 Bh2 72. Ra3 Bf4 73. Rh3+ Bh6 74.
Rh4 1-0

[Event "4NCL 2009-10"]
[Site "Sunningdale ENG"]
[Date "2010.03.28"]
[Round "8"]
[White "Spence,D"]
[Black "Morrison,G SCO"]
[Result "0-1"]
[WhiteElo "2252"]
[BlackElo "2353"]
[EventDate "2009.10.24"]

1. e4 c5 2. c3 d5 3. exd5 Qxd5 4. d4 e6 5. Nf3 Nf6 6. a3 Be7 7. Be3 O-O 8.
Bd3 Rd8 9. O-O Nc6 10. Qe2 Qh5 11. dxc5 Bxc5 12. Bxc5 Qxc5 13. b4 Qh5 14.
c4 e5 15. b5 Nd4 16. Nxd4 Rxd4 17. f3 Be6 18. a4 Rad8 19. Ra3 Nd7 20. Rc3
Nc5 21. Bc2 f6 22. Na3 Qg5 23. Qe1 b6 24. Qg3 Qd2 25. Nb1 Qf4 26. Qxf4 exf4
27. Na3 g6 28. Re1 Kf7 29. Kf2 f5 30. Re2 Kf6 31. h4 h6 32. Ke1 g5 33.
hxg5+ hxg5 34. Kf2 g4 35. fxg4 fxg4 36. Re1 g3+ 37. Kf1 Bg4 38. a5 Rh8 39.
Kg1 Rdd8 0-1

[Event "4NCL 2009-10"]
[Site "Sunningdale ENG"]
[Date "2010.03.28"]
[Round "8"]
[White "Poobalasingam,P"]
[Black "Harley,A"]
[Result "1-0"]
[WhiteElo "2312"]
[BlackElo "2204"]
[EventDate "2009.10.24"]

1. d4 e6 2. Nf3 Nf6 3. g3 c5 4. c3 b6 5. Bg2 Bb7 6. O-O cxd4 7. cxd4 Be7 8.
Nc3 Ne4 9. Qc2 Nxc3 10. bxc3 d5 11. Bb2 O-O 12. Nd2 Nc6 13. e4 dxe4 14.
Bxe4 h6 15. Rfd1 Rb8 16. Nb3 Qc7 17. Qe2 Bf6 18. c4 Rfd8 19. Rac1 Ne7 20.
d5 Bxb2 21. Qxb2 Qd6 22. Rd2 e5 23. Bg2 Ba6 24. Rdc2 Rdc8 25. Nd2 f5 26.
Nf3 e4 27. Qe5 Qxe5 28. Nxe5 Rd8 29. g4 g6 30. gxf5 gxf5 31. f3 exf3 32.
Bxf3 Bb7 33. a4 Kg7 34. Re2 Rd6 35. Bh5 Kf6 36. Nf7 Rd7 37. Re6+ Kg7 38.
Ne5 Bxd5 39. cxd5 Rxd5 40. Rc7 1-0

[Event "4NCL 2009-10"]
[Site "Sunningdale ENG"]
[Date "2010.03.28"]
[Round "8"]
[White "Byway,P"]
[Black "Chapman,T"]
[Result "0-1"]
[WhiteElo "2158"]
[BlackElo "2222"]
[EventDate "2009.10.24"]

1. Nf3 Nf6 2. d4 c5 3. e3 e6 4. c4 d5 5. Nc3 Nc6 6. a3 cxd4 7. exd4 Be7 8.
Bd3 dxc4 9. Bxc4 O-O 10. O-O b6 11. Bg5 Bb7 12. Qd3 h6 13. Bxf6 Bxf6 14.
Rad1 Ne7 15. Ba2 Nd5 16. Nxd5 Bxd5 17. Bb1 g6 18. Ne5 Bg7 19. Rfe1 Qg5 20.
Qg3 Qxg3 21. hxg3 Rac8 22. f3 Rfd8 23. Kf2 h5 24. Rc1 Bb7 25. Rxc8 Rxc8 26.
Rd1 Kf8 27. Bd3 Ke7 28. Ke2 Bh6 29. g4 Rc1 30. gxh5 gxh5 31. Nc4 Bd5 32.
Nd2 Rxd1 33. Kxd1 Bg7 34. Be4 Bxe4 35. Nxe4 Bxd4 36. b3 Be5 37. Kc2 f5 38.
Nf2 Kf6 39. Kd3 Kg5 40. a4 Kh4 41. Ke2 Kg3 42. Kf1 a5 43. Nd3 Bd6 44. Nb2
h4 45. Nc4 Bc5 46. Ne5 Be3 47. Nf7 h3 48. gxh3 Kxf3 49. Nd8 e5 50. Nf7 e4
51. Nd6 f4 52. Nc4 Bd4 53. Nd2+ Ke3 54. Nc4+ Kd3 55. h4 e3 0-1

[Event "4NCL 2009-10"]
[Site "Sunningdale ENG"]
[Date "2010.03.28"]
[Round "8"]
[White "Rosen,D"]
[Black "Coleman,D"]
[Result "0-1"]
[WhiteElo "2145"]
[BlackElo "2244"]
[EventDate "2009.10.24"]

1. e4 c5 2. Nc3 Nc6 3. f4 g6 4. Nf3 Bg7 5. Bc4 e6 6. O-O Nge7 7. d3 d5 8.
Bb5 O-O 9. Bxc6 Nxc6 10. Qe1 a6 11. Nd1 b5 12. Be3 d4 13. Bf2 Bb7 14. Bh4
Qd7 15. a4 f5 16. axb5 axb5 17. Rxa8 Rxa8 18. Nf2 Qd6 19. Qc1 Nb4 20. Re1
c4 21. dxc4 bxc4 22. e5 Qb6 23. c3 dxc3 24. Qxc3 Nd3 25. Rd1 Bf8 26. Kf1
Bb4 27. Qc2 Ba6 28. Bg3 Bc5 29. Ne1 Nxf2 30. Bxf2 c3+ 31. Nd3 Bxf2 32. Qxf2
Qxf2+ 33. Kxf2 c2 0-1

[Event "4NCL 2009-10"]
[Site "Sunningdale ENG"]
[Date "2010.03.28"]
[Round "8"]
[White "Cobb,J"]
[Black "Eckloff,C"]
[Result "1-0"]
[WhiteElo "2415"]
[BlackElo "2100"]
[EventDate "2009.10.24"]

1. Nf3 Nf6 2. c4 d6 3. d4 g6 4. Nc3 Bg7 5. Bg5 h6 6. Bh4 O-O 7. e3 c5 8.
Be2 a6 9. O-O Nbd7 10. h3 g5 11. Bg3 cxd4 12. Nxd4 Nc5 13. Qc2 a5 14. Rab1
Bd7 15. Nf5 Re8 16. Nxg7 Kxg7 17. b3 Qc8 18. Rbd1 Bf5 19. Qb2 Kg8 20. f3
Kh7 21. Bh2 h5 22. Nb5 Rg8 23. Nxd6 Qe6 24. Nxf5 Qxf5 25. e4 Qe6 26. e5
Nfd7 27. Rd5 b6 28. a3 Nf8 29. b4 axb4 30. axb4 Na6 31. Rfd1 Ng6 32. Qd2
Nh4 33. Bg3 Nf5 34. Bf2 Rab8 35. Rd7 Qxe5 36. Bd3 Rbe8 37. Rd5 1-0